000 00785nam a2200217Ia 4500
003 GCL
008 140319s9999 xx 000 0 ara d
040 _aGCL /
_cGCL
082 0 4 _a371.82
_bف ت
100 1 _aفادية عمر الجولانى
245 1 0 _aالتوافق الاجتماعى لطالبات الجامعة فى المجتمع العربى /
_cفادية عمر الجولانى
260 _aالقاهرة :
_bالمكتبة المصرية ،
_c2004
300 _a70 ص ؛
_c24 سم
650 0 4 _aطلبة الجامعات
650 0 4 _aالوعى الاجتماعى
650 0 4 _aالتكيف النفسى
650 0 4 _aالتكيف الاجتماعى
650 0 4 _aالتوافق الاجتماعى
650 0 4 _aالطلبة - نشاط
942 _2ddc
_cBK
999 _c6236
_d6236